[Event "Moscow-chT"]
[Site "Moscow"]
[Date "2014.10.04"]
[Round "5.4"]
[White "Prizant, Jaroslav"]
[Black "Tokmachev, Mikhail"]
[Result "1/2-1/2"]
[WhiteElo "2511"]
[BlackElo "2350"]
[PlyCount "81"]
[EventDate "2014.09.27"]
[EventType "team-tourn"]
[EventRounds "11"]
[EventCountry "RUS"]
[SourceTitle "CBM 162 Extra"]
[Source "ChessBase"]
[SourceDate "2014.10.17"]
[SourceVersion "1"]
[SourceVersionDate "2014.10.17"]
[SourceQuality "1"]
[WhiteTeam "Boavista"]
[BlackTeam "MSU"]
[WhiteTeamCountry "RUS"]
[BlackTeamCountry "RUS"]

1. d4 d5 2. c4 c6 3. Nf3 Nf6 4. g3 Bf5 5. Nc3 e6 6. Nh4 Be4 7. f3 Bg6 8. Qb3 Qb6 9. c5 Qc7 10. Bf4 Qc8 11. e4 Be7 12. Bg2 0-0 13. Nxg6 hxg6 14. 0-0 Nbd7 15. e5 Nh7 16. Qc2 b6 17. b4 a5 18. a3 Qb7 19. Bd2 axb4 20. axb4 Rxa1 21. Rxa1 Ra8 22. Ra2 Nhf8 23. Bf1 f6 24. f4 g5 25. Rxa8 Qxa8 26. Qa4 Qxa4 27. Nxa4 bxc5 28. exf6 Bxf6 29. dxc5 gxf4 30. gxf4 Bd4+ 31. Kg2 Kf7 32. Ba6 Ng6 33. Bb7 Ne7 34. Bc3 Bxc3 35. Nxc3 Nb8 36. b5 cxb5 37. Nxb5 Ke8 38. Nd4 Kd7 39. Kf3 Nec6 40. Bxc6+ Nxc6 41. Nb3 1/2-1/2

[Event "Moscow-chT GpA"]
[Site "Moscow"]
[Date "2013.09.28"]
[Round "5.4"]
[White "Tokmachev, Mikhail"]
[Black "Duzhakov, Ilya"]
[Result "0-1"]
[WhiteElo "2357"]
[BlackElo "2356"]
[PlyCount "140"]
[EventDate "2013.09.21"]
[EventType "team-swiss"]
[EventRounds "7"]
[EventCountry "RUS"]
[SourceTitle "CBM 156 Extra"]
[Source "ChessBase"]
[SourceDate "2013.10.22"]
[SourceVersion "1"]
[SourceVersionDate "2013.10.22"]
[SourceQuality "1"]
[WhiteTeam "Orientation"]
[BlackTeam "Navigator"]
[WhiteTeamCountry "RUS"]
[BlackTeamCountry "RUS"]

1. d4 Nf6 2. c4 c5 3. d5 b5 4. cxb5 a6 5. b6 d6 6. Nc3 Nbd7 7. Nf3 g6 8. a4 a5 9. e4 Bg7 10. h3 0-0 11. Bb5 Nxb6 12. 0-0 e5 13. Re1 Nh5 14. Bc6 Rb8 15. Nb5 Nf4 16. b3 Ba6 17. Ra2 f6 18. Bxf4 exf4 19. Qd2 Nd7 20. Qxf4 Ne5 21. Nxe5 fxe5 22. Qg4 Bc8 23. Qg3 Bf6 24. Qc3 Rf7 25. Re3 g5 26. f3 h5 27. Rf2 Ba6 28. g3 Bc8 29. Kg2 h4 30. g4 Ba6 31. Na3 Qc7 32. Bb5 Bxb5 33. axb5 Bd8 34. Ra2 Rd7 35. Re1 Rb7 36. Rea1 Qb8 37. Qd2 Kf7 38. Rc1 Kg6 39. Rc4 Rg7 40. Ra4 Rgd7 41. Kf2 Ra7 42. Qc3 Rdb7 43. Ke2 Bc7 44. Kd1 Qf8 45. Qe3 Qb8 46. Kc2 Qf8 47. Ra1 Qe8 48. Qd3 Kh6 49. Ra2 Kg6 50. Qc3 Qd7 51. b6 Rxb6 52. Nc4 Rba6 53. Nxa5 Bxa5 54. Rxa5 Qb7 55. R5a4 Qb5 56. Qd3 c4 57. Qc3 cxb3+ 58. Qxb3 Qe2+ 59. Kb1 Qe1+ 60. Kb2 Qd2+ 61. Kb1 Qe1+ 62. Kb2 Rc7 63. Ra1 Qd2+ 64. Ka3 Rxa4+ 65. Qxa4 Qd3+ 66. Kb2 Qe2+ 67. Kb1 Qf1+ 68. Ka2 Qf2+ 69. Kb1 Qb6+ 70. Ka2 Ra7 0-1

[Event "Olomouc Prima Cup 16th"]
[Site "Olomouc"]
[Date "2013.08.02"]
[Round "3"]
[White "Tokmachev, Mikhail"]
[Black "Dobes, Vojtech"]
[Result "1-0"]
[WhiteElo "2356"]
[BlackElo "2106"]
[PlyCount "79"]
[EventDate "2013.07.31"]
[EventType "tourn"]
[EventRounds "9"]
[EventCountry "CZE"]
[EventCategory "2"]
[SourceTitle "CBM 155 Extra"]
[Source "ChessBase"]
[SourceDate "2013.08.26"]
[SourceVersion "1"]
[SourceVersionDate "2013.08.26"]
[SourceQuality "1"]

1. d4 Nf6 2. Nf3 e6 3. e3 c5 4. Bd3 Nc6 5. 0-0 b6 6. c3 Bb7 7. Nbd2 Be7 8. Qe2 Qc7 9. a3 Nd5 10. Nc4 f5 11. Nce5 Nxe5 12. Nxe5 0-0 13. e4 fxe4 14. Qxe4 Nf6 15. Qh4 c4 16. Nxc4 Ba6 17. Qg3 Qxg3 18. hxg3 d5 19. Ne5 Bxd3 20. Nxd3 Bd6 21. Bf4 Bxf4 22. Nxf4 Kf7 23. Rfe1 Rfe8 24. f3 Rac8 25. Re3 g5 26. Nd3 Nd7 27. g4 h6 28. Rae1 Kf6 29. Kf2 Re7 30. Nb4 Rce8 31. Nc6 Rf7 32. Nxa7 Nf8 33. Nc6 Ng6 34. Ne5 Nxe5 35. Rxe5 Rd7 36. g3 Rd6 37. f4 Rg8 38. Kf3 Rg7 39. Rh1 Kg6 40. Rxe6+ 1-0

[Event "Pardubice Czech op-A 23rd"]
[Site "Pardubice"]
[Date "2012.07.22"]
[Round "3"]
[White "Maximov, Dmitry"]
[Black "Tokmachev, Mikhail"]
[Result "1/2-1/2"]
[WhiteElo "2480"]
[BlackElo "2332"]
[PlyCount "22"]
[EventDate "2012.07.12"]
[EventType "swiss"]
[EventRounds "9"]
[EventCountry "CZE"]
[SourceTitle "CBM 149 Extra"]
[Source "ChessBase"]
[SourceDate "2012.08.24"]
[SourceVersion "1"]
[SourceVersionDate "2012.08.24"]
[SourceQuality "1"]

1. e4 c5 2. Nf3 d6 3. c3 Nf6 4. Bc4 Nc6 5. d3 g6 6. 0-0 Bg7 7. Bb3 0-0 8. h3 e5 9. Nbd2 Be6 10. Bc2 h6 11. Re1 Qc7 1/2-1/2

[Event "Kaunas"]
[Site "Kaunas"]
[Date "2010.08.26"]
[Round "2"]
[White "Miezis, Normunds"]
[Black "Tokmachev, Mikhail"]
[Result "1-0"]
[WhiteElo "2518"]
[BlackElo "2361"]
[PlyCount "61"]
[EventDate "2010.08.25"]
[EventType "swiss"]
[EventRounds "10"]
[EventCountry "LTU"]
[SourceTitle "CBM 138 Extra"]
[Source "ChessBase"]
[SourceDate "2010.10.29"]
[SourceVersion "1"]
[SourceVersionDate "2010.10.29"]
[SourceQuality "1"]

1. c4 e5 2. Nc3 d6 3. g3 g6 4. Bg2 Bg7 5. d3 Nc6 6. Rb1 f5 7. e4 Nf6 8. Nge2 0-0 9. 0-0 Be6 10. Nd5 Qd7 11. f3 Nh5 12. b4 Nd8 13. exf5 gxf5 14. f4 c6 15. Ne3 exf4 16. gxf4 Bf7 17. Bb2 Bg6 18. Bxg7 Qxg7 19. Qd2 Re8 20. d4 Qe7 21. Rb3 Rc8 22. Rf2 Qh4 23. d5 Nf7 24. Nd4 cxd5 25. Bxd5 Nxf4 26. Nexf5 Qg5+ 27. Rg3 Nh3+ 28. Kf1 Qxd2 29. Rxd2 Nf4 30. Bxf7+ Kxf7 31. Rf2 1-0

[Event "Faakersee op 21st"]
[Site "Latschach"]
[Date "2005.08.20"]
[Round "9"]
[White "Solodovnichenko, Yuri"]
[Black "Tokmachev, Mikhail"]
[Result "1/2-1/2"]
[WhiteElo "2535"]
[BlackElo "2302"]
[PlyCount "41"]
[EventDate "2005.08.13"]
[EventType "swiss"]
[EventRounds "9"]
[EventCountry "AUT"]
[SourceTitle "EXT 2006"]
[Source "ChessBase"]
[SourceDate "2005.11.24"]
[SourceVersion "1"]
[SourceVersionDate "2005.11.24"]
[SourceQuality "1"]

1. e4 c5 2. Nf3 d6 3. d4 cxd4 4. Nxd4 Nf6 5. Nc3 a6 6. Bg5 e6 7. Qe2 Be7 8. f4 0-0 9. 0-0-0 Qc7 10. h4 b5 11. e5 dxe5 12. fxe5 Nd5 13. Nxd5 exd5 14. g3 Re8 15. Bf4 Qc4 16. Nb3 Be6 17. Qh5 Qa4 18. Kb1 Nc6 19. Bd3 g6 20. Qf3 h5 21. c3 1/2-1/2

[Event "Faakersee op 21st"]
[Site "Latschach"]
[Date "2005.08.19"]
[Round "8"]
[White "Tokmachev, Mikhail"]
[Black "Mlynek, Petr"]
[Result "1-0"]
[WhiteElo "2302"]
[BlackElo "2254"]
[PlyCount "77"]
[EventDate "2005.08.13"]
[EventType "swiss"]
[EventRounds "9"]
[EventCountry "AUT"]
[SourceTitle "EXT 2006"]
[Source "ChessBase"]
[SourceDate "2005.11.24"]
[SourceVersion "1"]
[SourceVersionDate "2005.11.24"]
[SourceQuality "1"]

1. d4 d5 2. c4 c6 3. Nf3 e6 4. e3 Nf6 5. Nbd2 Nbd7 6. Bd3 Bd6 7. e4 dxe4 8. Nxe4 Nxe4 9. Bxe4 Nf6 10. Bc2 Bb4+ 11. Bd2 Qa5 12. a3 Bxd2+ 13. Qxd2 Qxd2+ 14. Kxd2 b6 15. Ne5 Bb7 16. b4 Ke7 17. Rhd1 Rhd8 18. Ke3 Nd7 19. Be4 Rac8 20. g3 Nxe5 21. dxe5 Ba6 22. c5 bxc5 23. bxc5 Bc4 24. Rab1 Bd5 25. Bc2 Rb8 26. Rxb8 Rxb8 27. Rb1 Rxb1 28. Bxb1 h6 29. f4 f6 30. exf6+ Kxf6 31. Kd4 g5 32. fxg5+ Kxg5 33. h3 h5 34. Ke5 h4 35. gxh4+ Kxh4 36. Bh7 Kxh3 37. Bg8 Kg3 38. Bxe6 Bf3 39. Bd7 1-0

[Event "Faakersee op 21st"]
[Site "Latschach"]
[Date "2005.08.17"]
[Round "6"]
[White "Kainz, Josef"]
[Black "Tokmachev, Mikhail"]
[Result "0-1"]
[WhiteElo "2007"]
[BlackElo "2302"]
[PlyCount "70"]
[EventDate "2005.08.13"]
[EventType "swiss"]
[EventRounds "9"]
[EventCountry "AUT"]
[SourceTitle "EXT 2006"]
[Source "ChessBase"]
[SourceDate "2005.11.24"]
[SourceVersion "1"]
[SourceVersionDate "2005.11.24"]
[SourceQuality "1"]

1. d4 d5 2. c4 e6 3. Nf3 c6 4. e3 f5 5. h3 Nf6 6. g4 Ne4 7. h4 fxg4 8. Ne5 h5 9. f3 Ng3 10. Qc2 Qf6 11. e4 Nd7 12. Bg5 Nxe5 13. Bxf6 Nxf3+ 14. Kd1 gxf6 15. Bg2 Nxh1 16. Bxh1 dxe4 17. Qxe4 Nxh4 18. d5 e5 19. dxc6 Bf5 20. Qe3 Bh6 21. Qf2 Rd8+ 22. Ke1 Nf3+ 23. Bxf3 gxf3 24. c7 Rd3 25. Nc3 Bd2+ 26. Kf1 Bh3+ 27. Kg1 Be3 28. Qxe3 Rxe3 29. Rd1 Rxc3 30. Rd8+ Ke7 31. Rxh8 Rxc4 32. Rxh5 Be6 33. Kf2 Rxc7 34. Kxf3 Bxa2 35. Rh7+ Bf7 0-1

[Event "IECG CP.2002.Q.00019 email"]
[Site "IECG email"]
[Date "2003.10.01"]
[Round "?"]
[White "Tokmachev, Mikhail"]
[Black "Milde, Lars"]
[Result "0-1"]
[WhiteElo "2091"]
[BlackElo "1864"]
[PlyCount "52"]
[EventDate "2003.10.01"]
[EventType "tourn (corr)"]
[EventRounds "10"]
[SourceTitle "Corr 2008"]
[Source "ChessBase"]
[SourceDate "2008.06.24"]
[SourceVersion "1"]
[SourceVersionDate "2008.06.24"]
[SourceQuality "1"]

1. e4 e5 2. Nf3 Nf6 3. Nxe5 d6 4. Nf3 Nxe4 5. d4 d5 6. Bd3 Nc6 7. 0-0 Be7 8. c4 Nb4 9. Be2 0-0 10. Nc3 Bf5 11. a3 Nxc3 12. bxc3 Nc6 13. Re1 dxc4 14. Bxc4 Bd6 15. Ng5 Qd7 16. Qf3 Rae8 17. Rxe8 Rxe8 18. Bd2 Nd8 19. Bd3 Bg4 20. Bxh7+ Kh8 21. Qd3 g6 22. d5 Kg7 23. Ne4 f5 24. Nxd6 Qxd6 25. Bxg6 Qxg6 26. f3 Bh3 0-1

[Event "Faaker See op 19th"]
[Site "Faaker See"]
[Date "2003.08.14"]
[Round "7"]
[White "Praznik, Niko"]
[Black "Tokmachev, Mikhail"]
[Result "1-0"]
[WhiteElo "2277"]
[BlackElo "2285"]
[PlyCount "143"]
[EventDate "2003.08.09"]
[EventType "swiss"]
[EventRounds "9"]
[EventCountry "AUT"]
[SourceTitle "CBM 095 Extra"]
[Source "ChessBase"]
[SourceDate "2003.09.04"]
[SourceVersion "1"]
[SourceVersionDate "2003.09.04"]
[SourceQuality "1"]

1. e4 c5 2. c3 Nf6 3. e5 Nd5 4. Nf3 Nc6 5. Na3 a6 6. d4 cxd4 7. cxd4 e6 8. Bd3 d6 9. 0-0 h6 10. Qe2 b5 11. Bd2 Bb7 12. Nc2 Be7 13. h3 Qd7 14. Rad1 0-0 15. Rfe1 Rae8 16. Qe4 f5 17. exf6 Rxf6 18. Qh7+ Kf7 19. Nh4 Rg8 20. Bg6+ Rxg6 21. Qxg6+ Kf8 22. Qh5 Nf6 23. Ng6+ Ke8 24. Qe2 Kf7 25. Nf4 Nd8 26. Ne3 g5 27. Nh5 Qc6 28. Nxf6 Bxf6 29. Qh5+ Rg6 30. Ba5 Qe4 31. f3 Qf4 32. Bxd8 Bxd8 33. Qg4 Bb6 34. Kh1 h5 35. Qxf4+ gxf4 36. Nc2 Rg5 37. Re2 a5 38. Na3 Rd5 39. Red2 h4 40. Nc2 b4 41. b3 Rb5 42. Rd3 Ba6 43. R3d2 Bb7 44. Rb1 Bd5 45. Rd3 e5 46. dxe5 dxe5 47. Rd2 Ke6 48. Ne1 Rc5 49. Rbd1 Rb5 50. Nd3 Be3 51. Rc2 e4 52. Ne1 Rc5 53. Rxc5 Bxc5 54. fxe4 Bxe4 55. Nf3 Bf2 56. Rf1 Bg3 57. Ng5+ Kf5 58. Nxe4 Kxe4 59. Kg1 Ke3 60. Rc1 f3 61. Rc8 f2+ 62. Kf1 Kd3 63. Rc5 Kd4 64. Rxa5 Kc3 65. Ra4 Kb2 66. Rxb4 Kxa2 67. Rb7 Ka3 68. Rf7 Kxb3 69. Rxf2 Kc3 70. Rf3+ Kd4 71. Ke2 Ke4 72. Ra3 1-0

[Event "IECG CP.2002.P.00079 email"]
[Site "IECG email"]
[Date "2002.10.01"]
[Round "?"]
[White "Tokmachev, Mikhail"]
[Black "Jenull, Marco S"]
[Result "1/2-1/2"]
[WhiteElo "2087"]
[BlackElo "2182"]
[PlyCount "65"]
[EventDate "2002.10.01"]
[EventType "tourn (corr)"]
[EventRounds "6"]
[EventCountry "RUS"]
[SourceTitle "Corr 2008"]
[Source "ChessBase"]
[SourceDate "2008.06.24"]
[SourceVersion "1"]
[SourceVersionDate "2008.06.24"]
[SourceQuality "1"]

1. e4 e6 2. d4 d5 3. Nc3 Bb4 4. e5 c5 5. a3 Bxc3+ 6. bxc3 Qc7 7. Nf3 b6 8. Bb5+ Bd7 9. Bd3 Ba4 10. 0-0 c4 11. Be2 Ne7 12. g3 Nbc6 13. Nh4 Ng6 14. Ng2 0-0 15. h4 f6 16. h5 Nge7 17. f4 f5 18. Rf2 Kh8 19. Nh4 Ng8 20. Nf3 Nh6 21. Ng5 Qd7 22. Bf3 Ne7 23. Rb1 Rab8 24. Rb4 b5 25. Rb1 a5 26. Qe2 Rb7 27. Rf1 Nc6 28. Rb2 Rfb8 29. Be3 b4 30. axb4 axb4 31. Ra1 Bb5 32. Qd2 Qc8 33. Rbb1 1/2-1/2

[Event "IECG CP.2002.P.00079 email"]
[Site "IECG email"]
[Date "2002.10.01"]
[Round "?"]
[White "Turicnik, Vladimir"]
[Black "Tokmachev, Mikhail"]
[Result "0-1"]
[WhiteElo "1898"]
[BlackElo "2087"]
[PlyCount "62"]
[EventDate "2002.10.01"]
[EventType "tourn (corr)"]
[EventRounds "6"]
[EventCountry "RUS"]
[SourceTitle "Corr 2008"]
[Source "ChessBase"]
[SourceDate "2008.06.24"]
[SourceVersion "1"]
[SourceVersionDate "2008.06.24"]
[SourceQuality "1"]

1. e4 c5 2. c3 d5 3. exd5 Qxd5 4. d4 Nf6 5. Nf3 e6 6. Be2 Nc6 7. 0-0 cxd4 8. cxd4 Be7 9. Nc3 Qd6 10. Nb5 Qd8 11. Bf4 Nd5 12. Bg3 a6 13. Nc3 0-0 14. Rc1 Nf6 15. h3 b6 16. a3 Bb7 17. Bd3 Rc8 18. Bb1 b5 19. Qd3 Na5 20. Ne5 Nc4 21. Rc2 Nxe5 22. Bxe5 g6 23. Rfc1 Nd7 24. Qg3 Nxe5 25. dxe5 Qb6 26. Rd2 Rc4 27. Rcd1 Bh4 28. Qh2 b4 29. axb4 Rxb4 30. Bc2 Rc8 31. g3 Bg5 0-1

[Event "Birstonas op"]
[Site "Birstonas"]
[Date "2002.08.19"]
[Round "3"]
[White "Tokmachev, Mikhail"]
[Black "Butnorius, Algimantas"]
[Result "0-1"]
[WhiteElo "2367"]
[BlackElo "2436"]
[PlyCount "44"]
[EventDate "2002.08.17"]
[EventType "swiss"]
[EventRounds "9"]
[EventCountry "LTU"]
[SourceTitle "CBM 089 Extra"]
[Source "ChessBase"]
[SourceDate "2002.09.10"]
[SourceVersion "2"]
[SourceVersionDate "2002.09.10"]
[SourceQuality "1"]

1. e4 e5 2. d4 exd4 3. Qxd4 Nc6 4. Qe3 Nf6 5. Nc3 Bb4 6. Bd2 0-0 7. 0-0-0 Re8 8. Qg3 d6 9. f3 Ne5 10. h4 Kh8 11. h5 h6 12. Qh4 c6 13. a3 Ba5 14. g4 Nh7 15. Qg3 b5 16. Nh3 b4 17. axb4 Bxb4 18. f4 Nxg4 19. Be2 Nhf6 20. e5 Qa5 21. exf6 Rxe2 22. Qf3 Bxc3 0-1

[Event "Moscow-ch 1/2 final"]
[Site "Moscow"]
[Date "2002.??.??"]
[Round "7"]
[White "Tokmachev, Mikhail"]
[Black "Gagarin, Vasilij"]
[Result "0-1"]
[WhiteElo "2289"]
[BlackElo "2424"]
[PlyCount "44"]
[EventDate "2002.03.??"]
[EventType "swiss"]
[EventRounds "11"]
[EventCountry "RUS"]
[SourceTitle "EXT 2003"]
[Source "ChessBase"]
[SourceDate "2002.11.25"]
[SourceVersion "1"]
[SourceVersionDate "2002.11.25"]
[SourceQuality "1"]

1. d4 d5 2. c4 c6 3. Nf3 Nf6 4. e3 e6 5. Nc3 Nbd7 6. Qc2 Bd6 7. b3 0-0 8. Be2 b6 9. 0-0 Bb7 10. Bb2 Qe7 11. e4 Nxe4 12. Nxe4 dxe4 13. Qxe4 Nf6 14. Qh4 c5 15. dxc5 Bxc5 16. Bd3 Ne4 17. Qg4 f5 18. Qf4 Rad8 19. Rad1 Rd6 20. Qc1 Nxf2 21. Rxf2 Bxf3 22. gxf3 Qh4 0-1

[Event "IECG CP.2000.Q.00020"]
[Site "IECG email"]
[Date "2001.10.01"]
[Round "?"]
[White "Keber, Ernst"]
[Black "Tokmachev, Mikhail"]
[Result "1/2-1/2"]
[WhiteElo "1283"]
[BlackElo "2077"]
[PlyCount "107"]
[EventDate "2001.10.01"]
[EventType "tourn (corr)"]
[EventRounds "6"]
[SourceTitle "Corr 2008"]
[Source "ChessBase"]
[SourceDate "2008.06.24"]
[SourceVersion "1"]
[SourceVersionDate "2008.06.24"]
[SourceQuality "1"]

1. e4 c5 2. Nc3 Nc6 3. Nf3 g6 4. d4 cxd4 5. Nxd4 Bg7 6. Be3 Nf6 7. Nxc6 bxc6 8. e5 Nd5 9. Nxd5 cxd5 10. Qxd5 Rb8 11. Bxa7 Rxb2 12. Bd4 Rxc2 13. Bd3 Rc6 14. 0-0 Ba6 15. Bxa6 Rxa6 16. Qb5 Ra5 17. Qb4 Rd5 18. a4 0-0 19. a5 d6 20. f4 dxe5 21. Bxe5 Bxe5 22. fxe5 Qd7 23. Qc3 Qa7+ 24. Kh1 Qa6 25. Qc7 e6 26. h3 Rd2 27. Qc3 Rfd8 28. Qf3 R2d7 29. Qf6 Rf8 30. Kh2 Rd5 31. h4 h5 32. Rf4 Rxa5 33. Rd1 Qc8 34. Rd3 Ra2 35. Rg3 Ra7 36. Qg5 Kh7 37. Rf6 Rg8 38. Ra3 Rd7 39. Raf3 Qc7 40. Qf4 Kg7 41. Rg3 Kh7 42. Qe3 Rg7 43. Qf4 Rd5 44. Re3 Kg8 45. Re1 Qc3 46. Re4 Rd1 47. Qg5 Qa1 48. Kg3 Qb1 49. Qf4 Rh1 50. Qe3 Qc2 51. Rd4 Kh7 52. Rd7 g5 53. hxg5 h4+ 54. Kg4 1/2-1/2

[Event "Olomouc Mipap Cup"]
[Site "Olomouc"]
[Date "2001.08.08"]
[Round "10"]
[White "Jedryczka, Krystian"]
[Black "Tokmachev, Mikhail"]
[Result "1-0"]
[WhiteElo "2330"]
[BlackElo "2313"]
[PlyCount "91"]
[EventDate "2001.08.02"]
[EventType "tourn"]
[EventRounds "11"]
[EventCountry "CZE"]
[EventCategory "3"]
[SourceTitle "CBM 083 Extra"]
[Source "ChessBase"]
[SourceDate "2001.09.11"]
[SourceVersion "1"]
[SourceVersionDate "2001.09.11"]
[SourceQuality "1"]

1. e4 c5 2. Nf3 e6 3. d4 cxd4 4. Nxd4 Nc6 5. Nc3 Qc7 6. Be3 a6 7. Bd3 Nf6 8. 0-0 d6 9. Qe2 Be7 10. f4 0-0 11. Kh1 Re8 12. Nf3 Nb4 13. e5 Nd7 14. Be4 d5 15. Bd3 Nxd3 16. cxd3 f6 17. Rac1 Qb8 18. exf6 Nxf6 19. Na4 a5 20. Nb6 Ra6 21. Bd4 Bd7 22. Ne5 Bb5 23. a4 Rxb6 24. Bxb6 Bxa4 25. Bxa5 Bb5 26. Bb6 Bd6 27. Bd4 Qd8 28. Qd2 Nh5 29. g4 Nf6 30. g5 Nd7 31. Rf3 Rf8 32. Rcf1 Rf5 33. Ng4 Bc6 34. Kg1 Qf8 35. Qf2 Nc5 36. Ne5 Bb5 37. g6 h6 38. Nf7 Bc7 39. Qe2 Be8 40. b4 Nb3 41. Nxh6+ gxh6 42. Qxe6+ Bf7 43. Qxf5 Nxd4 44. gxf7+ Qxf7 45. Rg3+ Kf8 46. Qc8+ 1-0